Sports Quiz

Random Sports or Soccer Quiz
Score 0/110 Timer 12:00
0 Plays Today
Team Player % Correct
1986 LiverpoolIan Rush
94.6%
1986 LiverpoolAlan Hansen
91.1%
1989 LiverpoolAlan Hansen
91.1%
1983 Man UtdBryan Robson
90.3%
1985 Man UtdBryan Robson
90.3%
1984 EvertonNeville Southall
90.2%
1986 LiverpoolBruce Grobbelaar
89.3%
1989 LiverpoolBruce Grobbelaar
89.3%
1988 WimbledonVinnie Jones
88.5%
1980 West HamTrevor Brooking
87.3%
1989 LiverpoolJohn Barnes
87.1%
1983 Man UtdGary Bailey
86.7%
1985 Man UtdGary Bailey
86.7%
1984 EvertonJohn Bailey
86.4%
1988 WimbledonDave Beasant
85.8%
1982 SpursRay Clemence
84.9%
1989 LiverpoolJohn Aldridge
84.8%
1983 Man UtdNorman Whiteside
84.7%
1985 Man UtdNorman Whiteside
84.7%
1981 SpursGlenn Hoddle
84.6%
1982 SpursGlenn Hoddle
84.6%
1988 WimbledonDennis Wise
84%
1986 LiverpoolKenny Dalglish
83.8%
1981 SpursRicardo Villa
83.2%
1986 LiverpoolMark Lawrenson
82.8%
1981 SpursOsvaldo Ardiles
82.7%
1984 EvertonGraeme Sharp
82.5%
1988 WimbledonLawrie Sanchez
81.2%
1984 EvertonTrevor Steven
80%
1984 EvertonAndy Gray
79.6%
1989 LiverpoolPeter Beardsley
78.6%
1986 LiverpoolSteve Nicol
78.2%
1989 LiverpoolSteve Nicol
78.2%
1986 LiverpoolRonnie Whelan
78%
1989 LiverpoolRonnie Whelan
78%
1984 EvertonGary Stevens
77.6%
1988 WimbledonJohn Fashanu
77.3%
Team Player % Correct
1984 EvertonPeter Reid
76.9%
1986 LiverpoolCraig Johnston
76.8%
1985 Man UtdMark Hughes
76.5%
1989 LiverpoolSteve McMahon
74.7%
1980 West HamPhil Parkes
74.4%
1984 EvertonKevin Ratcliffe
74.2%
1987 CoventrySteve Ogrizovic
73.4%
1980 West HamPaul Allen
73.2%
1980 West HamBilly Bonds
72%
1981 SpursSteve Perryman
71.6%
1982 SpursSteve Perryman
71.6%
1983 Man UtdFrank Stapleton
71.5%
1985 Man UtdFrank Stapleton
71.5%
1983 Man UtdKevin Moran
71.2%
1985 Man UtdKevin Moran
71.2%
1983 Man UtdArthur Albiston
71%
1985 Man UtdArthur Albiston
71%
1986 LiverpoolJan Molby
71%
1981 SpursGarth Crooks
70.4%
1982 SpursGarth Crooks
70.4%
1983 Man UtdRay Wilkins
69.9%
1985 Man UtdPaul McGrath
69.8%
1987 CoventryLloyd McGrath
69.6%
1981 SpursSteve Archibald
69.5%
1982 SpursSteve Archibald
69.5%
1989 LiverpoolRay Houghton
68.8%
1987 CoventryKeith Houchen
68.4%
1981 SpursGraham Roberts
63%
1982 SpursGraham Roberts
63%
1985 Man UtdJesper Olsen
62.9%
1980 West HamAlan Devonshire
62%
1980 West HamFrank Lampard
61.9%
1984 EvertonDerek Mountfield
61.6%
1981 SpursChris Hughton
60.6%
1982 SpursChris Hughton
60.6%
1985 Man UtdGordon Strachan
60.4%
1980 West HamAlvin Martin
60.1%
Team Player % Correct
1986 LiverpoolJim Beglin
59.8%
1984 EvertonAdrian Heath
59.3%
1981 SpursTony Galvin
58.9%
1982 SpursTony Galvin
58.9%
1987 CoventryBrian Kilcline
58.7%
1989 LiverpoolGary Ablett
58.7%
1987 CoventryDave Bennett
58%
1983 Man UtdGordon McQueen
57.7%
1980 West HamRay Stewart
56.6%
1983 Man UtdMike Duxbury
55%
1987 CoventryCyrille Regis
54.2%
1988 WimbledonAlan Cork
52.5%
1989 LiverpoolSteve Staunton
52.2%
1988 WimbledonEric Young
51.5%
1983 Man UtdArnold Muhren
51.4%
1988 WimbledonTerry Phelan
48.5%
1981 SpursPaul Miller
47.4%
1982 SpursPaul Miller
47.4%
1985 Man UtdJohn Gidman
46%
1988 WimbledonTerry Gibson
45.7%
1982 SpursMickey Hazard
44.5%
1984 EvertonKevin Richardson
42.8%
1987 CoventryMicky Gynn
40.5%
1983 Man UtdAlan Davies
40.2%
1980 West HamGeoff Pike
39.6%
1986 LiverpoolKevin MacDonald
39.1%
1988 WimbledonAndy Thorn
39%
1980 West HamStuart Pearson
38.7%
1987 CoventryTrevor Peake
37.3%
1981 SpursMilija Aleksic
36.5%
1980 West HamDavid Cross
35.9%
1987 CoventryGreg Downs
34.1%
1988 WimbledonClive Goodyear
33.6%
1987 CoventryDavid Phillips
28.8%
1982 SpursPaul Price
27%
1987 CoventryNick Pickering
24.8%
Come Together.
Have Fun.
All Virtual.
We all need to come together. Play Sporcle's virtual live trivia to have fun, connect with people, and get your trivia on. Join a live hosted trivia game for your favorite pub trivia experience done virtually. If a virtual private party is more your thing, go here for details.

You're not logged in!

Compare scores with friends on all Sporcle quizzes.
OR
Log In

Sporcle TV

Today on Sporcle TV


Watch our educational content, quiz creation guides, and fun videos on Sporcle TV.

Show Comments

Extras

Top Quizzes Today


Score Distribution

Paid Content

Your Account Isn't Verified!

In order to create a playlist on Sporcle, you need to verify the email address you used during registration. Go to your Sporcle Settings to finish the process.

Report this User

Report this user for behavior that violates our Community Guidelines.

Details: